Exploradores en Africa / (Registro nro. 8903)

Detalles MARC
000 -LIDER
fixed length control field 00600nam a22002177a 4500
001 - NÚMERO DE CONTROL
Identificador de número de control 00260
003 - IDENTIFICACDOR DE NÚMERO DE CONTROL
control field DO-SdBNP
005 - DATE AND TIME OF LATEST TRANSACTION
control field 20151125104919.0
008 - ELEMENTOS DE LONGITUD FIJA
fixed length control field 151125b 1978 sp xxu||||| |||| 00| 0 spa d
040 ## - FUENTE DE CATALOGACIÓN
Agencia que crea de manera original el registro BPMSU
Idioma de catalogación spa
Agencia que realiza la transcripción BPMSU
092 ## - LOCALLY ASSIGNED DEWEY DECIMAL CALL NUMBER
Número de clasificación xxxxx
Número de ítem (Cutter) xxxxx
100 1# - ASIENTO PRINCIPAL -- NOMBRE PERSONAL
Nombre personal Hall, Richard
245 10 - MENCIÓN DE TITULO
Título Exploradores en Africa /
Mención de responsabilidad Richard Hall.
260 ## - PUBLICACIÓN, DISTRIBUCIÓN, ETC. (PIE DE IMPRENTA)
Lugar de publicación, distribución, etc Madrid :
Nombre del editor, distribuidor, etc. Ediciones Plesa,
Fecha de publicación, distribución, etc 1978.
300 ## - DESCRIPCIÓN FÍSICA
Extensión 47 p.
Otros detalles físicos il. ;
Dimensiones 29 cm.
490 1# - MENCIÓN DE SERIES
Mención de serie El museo del los descubrimientos
830 #0 - ASIENTO SECUNDARIO DE SERIE--TÍTULO UNIFORME
Título uniforme El museo del los descubrimientos
910 ## - VALIDACIÓN
Validación 00260
942 ## - ADDED ENTRY ELEMENTS (KOHA)
Source of classification or shelving scheme Dewey Decimal Classification
Koha item type Libros
956 ## - LOCAL ELECTRONIC LOCATION AND ACCESS (OCLC)
Nombre de host Lorenza Pérez
Número de acceso 10
Existencias
Withdrawn status Lost status Source of classification or shelving scheme Damaged status Not for loan Collection code Home library Current library Date acquired Source of acquisition Total Checkouts Barcode Date last seen Copy number Uniform Resource Identifier Price effective from Koha item type
    Dewey Decimal Classification       Biblioteca Pública Metropolitana Salomé Ureña Biblioteca Pública Metropolitana Salomé Ureña 11/25/2015 Donación   BPMSU 11/25/2015 1 ej. BPMSU 11/25/2015 Libros